000 01978nam a2200277Ia 4500
008 260220t2001||||xx |||||||||||||| ||spa||
040 _aPY-SlUNAC
_bspa
_erda
041 _aspa
082 _a660.2
_bSaw97q
100 _aSawyer, Clair N.
_eAutor
245 0 _aQuímica para ingeniería ambiental /
_cpor Clair N. Sawyer [Autor]; Perry I. McCarty [Autor] y Gene F. Parkin [Autor]
250 _aCuarta edición
264 _aBogotá :
_bMcGraw-Hill,
_c℗2001.
300 _a1 volumen
520 _a"Química para ingeniería ambiental" de Clair N. Sawyer es un texto fundamental que aborda los principios químicos aplicados a la ingeniería ambiental, enfatizando la interrelación entre la química y la protección del medio ambiente. El libro se estructura en varios capítulos que cubren temas como la composición del agua, la contaminación del aire y del suelo, así como los procesos de tratamiento y remediación. Sawyer proporciona un enfoque práctico, integrando teoría con ejemplos y aplicaciones en situaciones del mundo real, lo que permite a los estudiantes y profesionales comprender mejor los desafíos ambientales contemporáneos. Además, el autor aborda la importancia de la sostenibilidad y el desarrollo de tecnologías limpias, ofreciendo herramientas para la evaluación y mitigación de impactos ambientales. La obra es un recurso valioso para estudiantes de ingeniería ambiental, así como para profesionales que buscan profundizar en la química aplicada a la resolución de problemas ambientales, promoviendo un enfoque crítico y analítico hacia la gestión sostenible de los recursos naturales.
653 _aIngeniería ambiental
653 _aQuímica
653 _aSostenibilidad
700 _aMcCarty, Perry I.
_eAutor
700 _aParkin, Gene F.
_eAutor
942 _b2026/02/17
_cBK
999 _c8814
_d8814